Statistiques concernant Les bassins versants les plus peuplés du monde.

Cliquez ici pour prendre le quiz!

Statistiques générales

  • Ce quiz a été pris 38 fois
  • Le résultat moyen est 10 sur 25

Statistiques - réponses

PositionContinentsBassinsPopulation% Correct
13EuropeDanube73,000,000
84%
9AfriqueCongo107,000,000
81%
11Amérique du NordMississippi79,000,000
81%
1AsieGange - Brahmapoutre820,000,000
77%
6AfriqueNiger140,000,000
71%
21EuropeRhin47,400,000
71%
22EuropeVolga47,300,000
68%
18AsieEuphrate - Tigre53,400,000
61%
12AsieMékong76,000,000
58%
19AfriqueZambèze53,000,000
58%
20Amérique du NordSt Laurent47,600,000
55%
5AsieIndus250,000,000
45%
3AsieJaune350,000,000
45%
10Amérique du SudParanà (de la Plata)87,000,000
42%
4AfriqueNile258,000,000
39%
2AsieYangtze480,000,000
39%
23EuropeDniepr41,300,000
29%
17AsieIrrawaddy54,000,000
16%
15AsieAmur66,000,000
13%
7AsieXi - Bei135,000,000
6%
8AsieGodavari110,000,000
3%
24AsieLiao He38,000,000
3%
16AsieKrishna58,500,000
0%
25Amérique du NordPànuco35,000,000
0%
14AsieYongding68,000,000
0%

Distribution des résultats

Percentile par nombre de réponses

% des personnes avec chaque résultat

Votre développement - résultats

Vous n’avez pas pris ce quiz